Ley Nº 18.834, sobre estatuto administrativo: texto interpretado. jurisprudencia constitucional, judicial y administrativa

Saved in:
Bibliografiske detaljer
Hovedforfatter: Barra Gallardo, Nancy (Author)
Andre forfattere: Celis Danzinger, Gabriel (autor)
Format: Bog
Sprog:spansk
Udgivet: Santiago Legal Publishing 2009
Udgivelse:1a. ed
Fag:
Tags: Tilføj Tag
Ingen Tags, Vær først til at tagge denne postø!

MARC

LEADER 00000nam a2200000 a 4500
001 UCH9012
003 CL-VaPUC
008 091217e20090900CL |||||||||||||||||spa|d
020 |a 9789562388382 
082 0 4 |a 342.068  |b BAR  |2 21 
100 0 |a Barra Gallardo, Nancy  |e author  |9 545812 
700 |a Celis Danzinger, Gabriel  |e autor  |9 248 
245 1 0 |a Ley Nº 18.834, sobre estatuto administrativo: texto interpretado. jurisprudencia constitucional, judicial y administrativa 
250 |a 1a. ed 
300 |a t 
942 |c BK 
945 |d 20091217 00:00:00  |a dcastane 
260 |a Santiago  |b Legal Publishing  |c 2009 
650 0 |a Funcionarios públicos  |9 405107 
650 7 |a DERECHO LABORAL  |2 CL-VaPUC  |9 15 
650 7 |a LEY 18.834  |2 CL-VaPUC  |9 545814 
650 7 |a ESTATUTOS ADMINISTRATIVOS  |2 CL-VaPUC  |9 545815 
650 0 |a Administración pública   |9 255343 
583 |a last modification  |c 20180316 04:15:27  |k Rodrigo Vera 
999 |c 339091  |d 339089 
952 |0 0  |1 0  |4 0  |6 342_068000000000000_BAR_2009  |7 0  |8 A  |9 432481  |a BIBDER  |b BIBDER  |d 2019-11-22  |h t.1  |i 4626486  |o 342.068 BAR 2009  |p 4626486  |r 2023-01-25  |w 2019-11-22  |y BK  |k DER 
952 |0 0  |1 0  |4 0  |6 342_068000000000000_BAR_2009  |7 0  |8 A  |9 432482  |a BIBDER  |b BIBDER  |d 2019-11-22  |h t.2  |i 4626494  |l 1  |o 342.068 BAR 2009  |p 4626494  |r 2023-10-02  |s 2023-10-02  |w 2019-11-22  |y BK  |k DER